重庆市小测验-Chongqing Municipality Quiz - Statistics

General Stats
  • This quiz has been taken 38 times
  • The average score is 16 of 22
Answer Stats
提示 答案 % Correct
相邻的省级行政区 湖北省
97%
相邻的省级行政区 四川省
97%
相邻的省级行政区 陕西省
93%
相邻的省级行政区 贵州省
93%
相邻的省级行政区 湖南省
93%
重庆的“985”院校 重庆大学
90%
重庆方言属于这个方言大类 官话
87%
重庆涪陵出产的这种食品是世界三大名腌菜之一 涪陵{榨菜}
87%
主要机场 重庆{江北}国际机场
77%
这条河流是长江支流中流域面积最大的 嘉陵江
77%
长江三峡中有两个位于重庆 巫峡
77%
重庆在这一年成为直辖市至今 1997
77%
重庆升格直辖市初期,除重庆市外, 还下辖这三个地级市 万县市
70%
长江三峡中有两个位于重庆 瞿塘峡
70%
重庆升格直辖市初期,除重庆市外,还下辖这三个地级市 涪陵市
63%
重庆目前唯一的世界文化遗产 大足石刻
63%
1941至1945年,重庆是这个国家流亡政府的驻地 大韩民国
57%
这个民俗风貌区位于重庆渝中区, 以依山而建的吊脚楼为特色 {洪崖洞}民俗风貌区
53%
重庆升格直辖市初期,除重庆市外,还下辖这三个地级市 黔江市
47%
这位元帅出生于重庆开州 刘伯承
47%
这位近代革命家出生于重庆巴南,他撰写了《革命军》 邹容
33%
重庆市花 山茶花
17%
No matching quizzes found
Score Distribution
Percent of People with Each Score
Percentile by Number Answered
Your Score History
You have not taken this quiz